عرض عادي
عرض مارك
- الاستثمار
مدخل مصطلح موضوعي
001 - رقم الضبط
- حقل الضبط: 63148
003 - معرف رقم الضبط
- حقل الضبط: OSt
005 - تاريخ ووقت أخر عملية
- حقل الضبط: 20180426153545.0
008 - عناصر بيانات ثابتة الطول
- حقل تحكم ثابت الطول: 180426|| aca||aabn | a|a d
040 ## - مصدر الفهرسة
- هيئة الفهرسة الأصلية: OSt
- وكالة الكتابة: OSt
150 ## - مدخل-- مصطلح تاريخي
- عنصر مدخل المصطلح الموضوعي او الاسم الجغرافي: الاستثمار
- تفريع عام: جوانب اقتصادية
670 ## - بيانات المصدر موجوده
- الاستشهاد بالمصدر: Work cat.: (OSt): 61290 عبد القادر، لطرش علي عيسى, التنظيم القانوني للمنظمة العالمية للمناطق الحرة في عالم الاقتصاد /, 2018.
